<?xml version="1.0" encoding="UTF-8"?>
<collection xmlns="http://www.loc.gov/MARC21/slim">
 <record>
  <leader>     na                 </leader>
  <controlfield tag="001">INLIS000000000002979</controlfield>
  <controlfield tag="005">20251208051911</controlfield>
  <datafield tag="035" ind1=" " ind2=" ">
   <subfield code="a">0010-1225000059</subfield>
  </datafield>
  <controlfield tag="007">ta</controlfield>
  <controlfield tag="008">251208                g          | ind  </controlfield>
  <datafield tag="020" ind1=" " ind2=" ">
   <subfield code="a">978-623-02-1920-7</subfield>
  </datafield>
  <datafield tag="082" ind1=" " ind2=" ">
   <subfield code="a">100</subfield>
  </datafield>
  <datafield tag="084" ind1=" " ind2=" ">
   <subfield code="a">160-KUR-i</subfield>
  </datafield>
  <datafield tag="245" ind1=" " ind2=" ">
   <subfield code="a">Ilmu Logika ( MANTIQ) /</subfield>
   <subfield code="c">Kurniawan</subfield>
  </datafield>
  <datafield tag="260" ind1=" " ind2=" ">
   <subfield code="a">Yogyakarta :</subfield>
   <subfield code="b">Deepublish,</subfield>
   <subfield code="c">2020</subfield>
  </datafield>
  <datafield tag="300" ind1=" " ind2=" ">
   <subfield code="a">165 hlm ;</subfield>
   <subfield code="c">14x20 cm</subfield>
  </datafield>
  <datafield tag="650" ind1=" " ind2="4">
   <subfield code="a">filsafat</subfield>
  </datafield>
  <datafield tag="520" ind1=" " ind2=" ">
   <subfield code="a">Setiap insan dilengkapi dengan akal dan pikiran yang dapat didayagunakan untuk memahami, menguraikan, dan menjelaskan sesuatu dengan benar. Namun, jika tidak memahami kaidah dalam berpikir maka proses dan hasil berpikirnya bisa salah-menyesatkan. Untuk itu penting mengenal kaidah dalam berpikir secara detail. &#13;
Agar kaidah-kaidah tersebut dikenal dan dipahami maka buku ini hadir memperkenalkan pembahasan tentang dasar berpikir, penalaran yang logis dan rasional, pembahasan kata dan teori, dan ditutup dengan berpikir sistematis. Tidak banyak buku yang membahas secara detail dengan contoh-contoh ringan serenyah buku ini. Pembaca dipastikan akan merasakan ada perubahan setelah membaca tuntas semua ini buku ini.&#13;
 &#13;
Setiap insan dilengkapi dengan akal dan pikiran yang dapat didayagunakan untuk memahami, menguraikan, dan menjelaskan sesuatu dengan benar. Namun, jika tidak memahami kaidah dalam berpikir maka proses dan hasil berpikirnya bisa salah-menyesatkan. Untuk itu penting mengenal kaidah dalam berpikir secara detail. &#13;
Agar kaidah-kaidah tersebut dikenal dan dipahami maka buku ini hadir memperkenalkan pembahasan tentang dasar berpikir, penalaran yang logis dan rasional, pembahasan kata dan teori, dan ditutup dengan berpikir sistematis. Tidak banyak buku yang membahas secara detail dengan contoh-contoh ringan serenyah buku ini. Pembaca dipastikan akan merasakan ada perubahan setelah membaca tuntas semua ini buku ini.&#13;
 &#13;
Setiap insan dilengkapi dengan akal dan pikiran yang dapat didayagunakan untuk memahami, menguraikan, dan menjelaskan sesuatu dengan benar. Namun, jika tidak memahami kaidah dalam berpikir maka proses dan hasil berpikirnya bisa salah-menyesatkan. Untuk itu penting mengenal kaidah dalam berpikir secara detail. &#13;
Agar kaidah-kaidah tersebut dikenal dan dipahami maka buku ini hadir memperkenalkan pembahasan tentang dasar berpikir, penalaran yang logis dan rasional, pembahasan kata dan teori, dan ditutup dengan berpikir sistematis. Tidak banyak buku yang membahas secara detail dengan contoh-contoh ringan serenyah buku ini. Pembaca dipastikan akan merasakan ada perubahan setelah membaca tuntas semua ini buku ini.&#13;
 &#13;
Setiap insan dilengkapi dengan akal dan pikiran yang dapat didayagunakan untuk memahami, menguraikan, dan menjelaskan sesuatu dengan benar. Namun, jika tidak memahami kaidah dalam berpikir maka proses dan hasil berpikirnya bisa salah-menyesatkan. Untuk itu penting mengenal kaidah dalam berpikir secara detail. &#13;
Agar kaidah-kaidah tersebut dikenal dan dipahami maka buku ini hadir memperkenalkan pembahasan tentang dasar berpikir, penalaran yang logis dan rasional, pembahasan kata dan teori, dan ditutup dengan berpikir sistematis. Tidak banyak buku yang membahas secara detail dengan contoh-contoh ringan serenyah buku ini. Pembaca dipastikan akan merasakan ada perubahan setelah membaca tuntas semua ini buku ini.&#13;
 &#13;
Setiap insan dilengkapi dengan akal dan pikiran yang dapat didayagunakan untuk memahami, menguraikan, dan menjelaskan sesuatu dengan benar. Namun, jika tidak memahami kaidah dalam berpikir maka proses dan hasil berpikirnya bisa salah-menyesatkan. Untuk itu penting mengenal kaidah dalam berpikir secara detail. &#13;
Agar kaidah-kaidah tersebut dikenal dan dipahami maka buku ini hadir memperkenalkan pembahasan tentang dasar berpikir, penalaran yang logis dan rasional, pembahasan kata dan teori, dan ditutup dengan berpikir sistematis. Tidak banyak buku yang membahas secara detail dengan contoh-contoh ringan serenyah buku ini. Pembaca dipastikan akan merasakan ada perubahan setelah membaca tuntas semua ini buku ini.</subfield>
  </datafield>
  <datafield tag="990" ind1=" " ind2=" ">
   <subfield code="a">00000009046</subfield>
  </datafield>
  <datafield tag="990" ind1=" " ind2=" ">
   <subfield code="a">00000009047</subfield>
  </datafield>
 </record>
</collection>
